Statistiques concernant Focus sur: Bilbon Sacquet - Tolkien

Cliquez ici pour prendre le quiz!

Statistiques générales

  • Ce quiz a été pris 141 fois
  • Le résultat moyen est 13 sur 19

Statistiques - réponses

Informations recherchéesRéponses% Correct
Première apparitionLe Hobbit
100%
EspèceHobbit
99%
Neveu adoptéFrodon Sacquet
97%
Couleur des cheveuxBrun/Blanc
96%
Autre traduction du prénomBilbo
94%
ContréeComté
90%
DemeureCul-de-Sac
90%
"Profession" (au sein de la compagnie)Cambrioleur
88%
Age durant lequel il vécutTroisième
84%
Nom de l'armeDard
69%
Groupe auquel il appartientCompagnie de Thorin
64%
VilleHobbiteville
64%
Autres traductions du nomBaggins
60%
Acteurs l'interprétant dans les filmsMartin Freeman
49%
Livre rédigéLivre rouge de la Marche de l'Ouest
46%
Bessac
38%
Ian Holm
31%
MèreBelladonna Touque
22%
PèreBungon Sacquet
10%

Distribution des résultats

Percentile par nombre de réponses

% des personnes avec chaque résultat

Votre développement - résultats

Vous n’avez pas pris ce quiz